Language Quiz

Random Language or Letter Quiz

Constant Consonants 'R' Quiz Stats

 Plays Quiz Updated Oct 5, 2018

Challenge
Share
Tweet
Embed
Score 0/25 Timer 04:00
0 Plays Today
Clue (Length) Answer % Correct
Belonging to us (3)Our
97.1%
Conjunction (2)Or
94.3%
Cooking request for steak (4)Rare
92.5%
Notable period of time (3)Era
90.9%
Backside (4)Rear
89.5%
Unit of corn (3)Ear
89.4%
Length times width (4)Area
89.2%
Lion's attention-getter (4)Roar
87.5%
Mistake (5)Error
86.9%
Component of whiskey or bread (3)Rye
86.8%
78% Nitrogen 21% Oxygen 1% Argon (3)Air
86.4%
Who's in Kanga's pouch? (3)Roo
85.5%
Strong anger (3)Ire
84.1%
Clue (Length) Answer % Correct
A Great Lake or a Canal (4)Erie
83.9%
Before, to a poet (3)Ere
78.4%
Dinghy propeller (3)Oar
78.4%
Opera solo (4)Aria
78.1%
Caviar, e.g. (3)Roe
74.4%
Rock and Roll Speedwagon (3)REO
74.2%
Golf's McIlroy or Doctor Who's Williams (4)Rory
69.4%
Ireland, in Ireland (4)√Čire
69.4%
2016 Summer Olympics host, for short (3)Rio
67%
Otherworldly; scary (5)Eerie
66%
Illumination or halo (4)Aura
59.7%
Eagle nest (5)Aerie
51.3%

You're not logged in!

Compare scores with friends on all Sporcle quizzes.
OR
Log In

You Might Also Like...

Show Comments

Extras

Top Quizzes Today


Score Distribution

Your Account Isn't Verified!

In order to create a playlist on Sporcle, you need to verify the email address you used during registration. Go to your Sporcle Settings to finish the process.

Report this User

Report this user for behavior that violates our Community Guidelines.

Details: